000 01826nam0a2200337 4500
001 RU\NLR\bibl\68365
005 20260407105718.0
021 _aRU
_b1998-23913
_91134
035 _a(NLR Aleph) 000066684
090 _a365843
_c365843
100 _a20000203d1998 |||y0rusy50 ca
101 0 _arus
102 _aRU
105 _ay z |||||
200 1 _aКонцепция создания транспортной связи между Ямало-Ненецким автономным округом и Уралом
_f[Чл.-кор. РАЕН Пахомов В.П., д.э.н. Козаков Е.М., к.т.н. Беляев В.Н. и др.
_gОтв. ред. засл. деятель науки РФ, чл.-кор. РАН, проф. А.И. Татаркин]
210 _aЕкатеринбург
_cИн-т экономики УрО РАН
_d1998
215 _a51 с.,[1] л. схем.
_d21
225 1 _aНаучные доклады
_iПрепринт
_fРос. акад. наук. Урал. отд-ние, Ин-т экономики
606 0 _aЖелезные дороги
_xСтроительство
_yУрал
_91088137
_3RU\NLR\auth\66426356
686 _aО209(2)
701 1 _aПахомов
_bВ. П.
_4070
701 1 _aКозаков
_bЕ. М.
_4070
701 1 _4070
_8rus
_7ca
_aБеляев
_bВ. Н.
_cканд. техн. наук, экономист
_gВалентин Николаевич
_3RU\NLR\auth\7766872
_949800
702 1 _4570
_8rus
_7ca
_aТатаркин
_bА. И.
_f1946-2016
_gАлександр Иванович
_3RU\NLR\AUTH\7760212
_943143
712 0 2 _4570
_aИнститут экономики
_cЕкатеринбург
_3RU\NLR\AUTH\889937498
_9369820
801 0 _aRU
_bNLR
_c20000203
_gPSBO
801 1 _aRU
_bNLR
_c20000203
852 _aNLR
_j99-4/9331
942 _cBOOK
980 _aNB